LIBRARY & INFORMATION CENTRE, KCAET, TAVANUR

ONLINE PUBLIC ACCESS CATALOGUE (OPAC)

Vithum Kaikottum / (Record no. 4810)

MARC details
000 -LEADER
fixed length control field 00270cam a2200109ua 4500
082 ## - DEWEY DECIMAL CLASSIFICATION NUMBER
Classification number 894.8121
Item number SRE/VI
100 ## - MAIN ENTRY--AUTHOR NAME
Personal name Sreedhara Menon, Vailoppilli.
245 ## - TITLE STATEMENT
Title Vithum Kaikottum /
260 ## - PUBLICATION, DISTRIBUTION, ETC. (IMPRINT)
Place of publication Thrissur :
Name of publisher Current Books ,
Year of publication 1963.
300 ## - PHYSICAL DESCRIPTION
Number of Pages 128 ; .
942 ## - ADDED ENTRY ELEMENTS (KOHA)
Koha item type Books
Holdings
Withdrawn status Lost status Damaged status Home library Current library Date acquired Full call number Accession Number Koha item type Public note
Withdrawn     KAUAET Malayalam University 07/04/2012 894.8121 9008 Books Transferred to Malayalam University
free website counter